| 000 | 00572nam a2200229 i 4500 | ||
|---|---|---|---|
| 001 | bg | ||
| 100 | 1 | _aNOWAK, Teresa | |
| 245 | 0 |
_a3D Studio Max / _cTeresa Nowak. |
|
| 260 |
_aWarszawa : _b"Mikom", _c1998. |
||
| 300 |
_a87 s. : _brys. ; _c24 cm. |
||
| 490 | 1 | _aOd A do Z / "Mikom" | |
| 650 | 9 | _a3D Studio | |
| 655 | _aPodręczniki | ||
| 830 | 0 | _aOd A do Z ("Mikom") | |
| 020 | _a8371581068 | ||
| 040 | _cBPK | ||
| 041 | 0 | _apl | |
| 080 | _a004.42:004.4'27](07)3D Studio | ||
| 920 | _a83-7158-106-8 | ||
| 942 | _cKS | ||
| 008 | s pl f |000 0 pol | ||
| 999 |
_c33417 _d33417 |
||